| 000 | 00867nab a2200253uu 4500 | ||
|---|---|---|---|
| 001 | 14123 | ||
| 003 | HDC | ||
| 007 | cr aa aaaau | ||
| 008 | 210214p2005 my ||||| |||| 00| 0 eng d | ||
| 040 | _aHDC | ||
| 100 |
_aSundram, Kalyana _eauthor _914434 |
||
| 245 | 0 |
_aMeeting the Rising Health Awareness: The Palm Oil Formula / by _cKalyana Sundram |
|
| 260 |
_aKuala Lumpur : _bMalaysian Palm Oil Board, _c2005 |
||
| 300 | _a1 online resource (9 pages ) | ||
| 336 |
_atext _2rdacontent |
||
| 337 |
_acomputer _2rdamedia |
||
| 338 |
_aonline resource _2rdacarrier |
||
| 650 |
_aPalm Oil Formula _914753 |
||
| 650 |
_aPalm oil _9212 |
||
| 856 | _zRequest full-text at [email protected] | ||
| 942 | _2lcc | ||
| 942 | _cAR | ||
| 942 | _kJART 003371 | ||
| 999 |
_c11439 _d11439 |
||